Offene Türen: eine evangelisch-freikirchliche Gemeinde stellt sich vor

Saved in:  
Bibliographic Details
Main Author: Fornaçon, Frank (Author)
Format: Print Image
Language:German
Subito Delivery Service: Order now.
Check availability: HBZ Gateway
WorldCat: WorldCat
Interlibrary Loan:Interlibrary Loan for the Fachinformationsdienste (Specialized Information Services in Germany)
Published: Kassel Oncken, Medien für Gemeinden 2004
In:Year: 2004
Edition:1. Aufl.
Standardized Subjects / Keyword chains:B Bund Evangelisch-Freikirchlicher Gemeinden in Deutschland / Parish work
Further subjects:B Illustrated book

MARC

LEADER 00000cam a22000002c 4500
001 390323284
003 DE-627
005 20251223203657.0
007 tu
008 040707s2004 gw ||||| 00| ||ger c
015 |a 04,N30,0219  |2 dnb 
015 |a 05,A05,0190  |2 dnb 
016 7 |a 971643075  |2 DE-101 
020 |a 3879390592  |c Pp. : EUR 11.95  |9 3-87939-059-2 
024 3 |a 9783879390595 
024 8 |a 639 059  |q Best.-Nr. 
028 5 2 |a 639 059 
035 |a (DE-627)390323284 
035 |a (DE-576)116778180 
035 |a (DE-599)GBV390323284 
035 |a (OCoLC)76586984 
035 |a (OCoLC)76586984 
040 |a DE-627  |b ger  |c DE-627  |e rakwb 
041 |a ger 
044 |c XA-DE-HE 
082 0 |a 230 
082 0 4 |a 230 
100 1 |a Fornaçon, Frank  |4 aut 
245 1 0 |a Offene Türen  |b eine evangelisch-freikirchliche Gemeinde stellt sich vor  |c [Frank Fornaçon] 
250 |a 1. Aufl. 
263 |a Pp. : EUR 11.95 
264 1 |a Kassel  |b Oncken, Medien für Gemeinden  |c 2004 
300 |a 51, [10] S  |b Ill  |c 23 cm 
336 |a unbewegtes Bild  |b sti  |2 rdacontent 
337 |a ohne Hilfsmittel zu benutzen  |b n  |2 rdamedia 
338 |a Band  |b nc  |2 rdacarrier 
583 1 |a Archivierung prüfen  |c 20250503  |f DE-640  |z 2  |2 pdager 
601 |a Gemeinde 
655 7 |a Bildband  |0 (DE-588)4145395-5  |0 (DE-627)104450835  |0 (DE-576)209741139  |2 gnd-content 
689 0 0 |d b  |0 (DE-588)2006433-0  |0 (DE-627)101554400  |0 (DE-576)191618306  |2 gnd  |a Bund Evangelisch-Freikirchlicher Gemeinden in Deutschland 
689 0 1 |d s  |0 (DE-588)4128650-9  |0 (DE-627)104279443  |0 (DE-576)209603895  |2 gnd  |a Gemeindearbeit 
689 0 |5 DE-101 
889 |w (DE-576)395567548 
935 |a mteo 
951 |a BO 
ELC |b 1 
ORI |a SA-MARC-ixtheo_oa001.raw 
STA 0 0 |a Parish work,Congregational work 
STB 0 0 |a Travail en paroisse,Activités paroissiales,Activités paroissiales 
STC 0 0 |a Pastoral parroquial 
STD 0 0 |a Lavoro della comunità parrocchiale 
STE 0 0 |a 教区工作,教会工作 
STF 0 0 |a 教區工作,教會工作 
STG 0 0 |a Pastoral paroquial 
STH 0 0 |a Работа с приходом 
STI 0 0 |a Έργο της ενοριακής κοινότητας 
SYG 0 0 |a Bund Evangelisch-Freikirchlicher Gemeinden in Deutschland,Präsidium,Bund Evangelisch-Freikirchlicher Gemeinden,BEFG,Evangelisch-Freikirchliche Gemeinde,Bund Evangelisch-Freikirchlicher Gemeinden in Deutschland Körperschaft des öffentlichen Rechts,Bund FeG,FeG Deutschland,BEFG , Kirchengemeindearbeit,Gemeindepflege,Kirchliche Gemeindearbeit 
TIM |a 100019420101_100020261231  |b 1942 - 2026